1591 1164 1351 1973 1700 1560 1664 1365 1919 1722 1746 1091 1692 1528 1484 1432 1791 1660 1986 1719 1898 1977 1645 1742 1512 1166 1507 1341 1191 1639 1366 1750 1667 1300 1042 1338 1297 1501 1656 1506 1705 1425 1931 1412 1635 1798 1121 1159 1957 1441 1477 1939 1092 1716 1681 1916 1895 1599 1106 1948 1061 1743 1292 1971 1361 1246 1190 1612 1624 1031 1550 1691 1287 1270 1299 1135 1964 1543 1781 1503 1925 1980 1935 1398 1919 1863 1375 1915 1842 1055 1403 1503 1068 1622 1559 1991 1875 1598 1560 BCNSPRNW ULIB Ver.6.0+V

เปลี่ยนเป็นภาษาไทย

Change to English
 แสดงรายละเอียดบรรณานุกรม
  กลับหน้าหลัก

Brief Record : Get Marc (ISO 2709) : E-mail record : QR code < ปิดหน้าต่าง
LEADER : 00000nam 2200000uu 4500
001    13399111451
003     ULIB
008    110627s2548||||th 000 0 tha d
020    974930571X
090    รส^bพ811อ 2548
100 0  รวมนักเขียน
245 00 อาจจะเป็นเพราะรัก 3 /^cเขียนโดย รวมนักเขียน
250    พิมพ์ครั้งที่ 1
260    กรุงเทพฯ :^bเกิร์ลเฟรด์,^c2548
300    192 หน้า :^bภาพประกอบ ;^c21 ซม.
650  0 เรื่องสั้น
945    ^p150^l0^i17712
995    กัณชพร
999 ^a ใช้งานได้ทุกระบบ
รายการนี้ยังไม่มีแท็ก
คุณยังไม่ได้ล็อกอิน คุณสามารถมีกิจกรรมร่วมกับเว็บไซต์ได้ แต่ต้องล็อกอินก่อน ::
  ล็อกอิน

รายการสื่อสารสนเทศ

ลำดับที่ ประเภท เลขเรียก/บาร์โค้ด สถานที่ สถานะ
- ไม่พบข้อมูล -

รายการใกล้เคียง
    ผู้แต่ง [รวมนักเขียน]

    หัวเรื่อง [เรื่องสั้น]

BibComment


ยังไม่เคยถูกคอมเมนท์

คอมเมนท์ทรัพยากรรายการนี้
  คอมเมนท์: อาจจะเป็นเพราะรัก..


 Copyright 2026. Bcnsprnw @Library